000 01128cam a2200337 4500
001 ABS64637
008 011101n2001 000 0 eng u
035 _a(Sirsi) u115437
100 _aCannon, J
245 _aBuilding intelligence
260 _c2001
490 _aBuilding
_v266(8206) 19 October 2001, 74-79(6)
520 _aConstruction industry market analysis reporting on the transfer of social housing stock from local authorities to registered social landlords; UK construction orders by sector; housing starts and completions; and results from the EC business survey. Graphs and tables.
590 _aABS
650 _aCONSTRUCTION ORDERS
650 _aEUROPE
650 _aTENDER PRICES
650 _aEMPLOYMENT
650 _aCONSTRUCTION MARKET
650 _aINDUSTRIAL SECTOR
650 _aCOMMERCIAL SECTOR
650 _aRESIDENTIAL SECTOR
650 _aHOUSING MARKET
650 _aHOUSE PRICES
650 _aSTOCK TRANSFER
650 _aREGISTERED SOCIAL LANDLORDS
650 _aRSLS
650 _aSOCIAL HOUSING
690 _aBUILT ENVIRONMENT-CONSTRUCTION MARKET
942 _n0
999 _c68750
_d68750